Đang tải...

Unmasked: the fianl years of Michael Jackson

Chi tiết về thư mục
Tác giả chính: Halperin, Ian
Được phát hành: Simon& Schuster 2009
LEADER 00221 a2200097 4500
020
260 |b Simon& Schuster  |c 2009 
942 |c BK  |6 _ 
245 |a Unmasked: the fianl years of Michael Jackson 
100 |a Halperin, Ian 
999 |c 56580  |d 56580